Sports Quiz

Random Sports or Soccer Quiz

World Cup 2018 Referee Countries Quiz Stats

 Plays Quiz Updated Jul 8, 2018

Score 0/46 Timer 06:00
2 Plays Today
Zone Country % Correct
North, Central American and Caribbean ZoneUnited States
88.5%
South American ZoneBrazil
86%
European ZoneRussia
85.8%
European ZoneGermany
85.7%
European ZoneSpain
85%
European ZoneItaly
84.9%
South American ZoneArgentina
84.7%
North, Central American and Caribbean ZoneMexico
83.8%
Oceanian ZoneTahiti
81.9%
Oceanian ZoneNew Caledonia
80.3%
African ZoneEgypt
79.7%
European ZoneFrance
79.4%
Asian ZoneJapan
79.2%
African ZoneSouth Africa
77%
European ZoneNetherlands
76.3%
North, Central American and Caribbean ZoneCanada
75.5%
South American ZoneUruguay
74.9%
South American ZoneChile
74.1%
European ZonePoland
74%
South American ZoneColombia
73.3%
Asian ZoneIran
70.7%
European ZoneTurkey
69.9%
Oceanian ZoneNew Zealand
69.7%
Zone Country % Correct
Asian ZoneSaudi Arabia
67.3%
South American ZoneParaguay
67.3%
European ZoneSerbia
66.4%
African ZoneMorocco
66%
North, Central American and Caribbean ZonePanama
62.5%
North, Central American and Caribbean ZoneCosta Rica
60.6%
African ZoneAlgeria
59.9%
African ZoneTunisia
58.5%
African ZoneSenegal
58.3%
European ZoneSlovenia
48%
African ZoneKenya
44.1%
Asian ZoneQatar
42.5%
Asian ZoneUAE
41.6%
African ZoneEthiopia
38.6%
African ZoneSudan
37.8%
North, Central American and Caribbean ZoneEl Salvador
36%
African ZoneAngola
33.7%
Asian ZoneUzbekistan
32%
African ZoneZambia
29.7%
Oceanian ZoneTonga
22.9%
Asian ZoneBahrain
22.4%
African ZoneThe Gambia
21.6%
African ZoneBurundi
12.8%

You're not logged in!

Compare scores with friends on all Sporcle quizzes.
OR
Log In

Sporcle TV

Today on Sporcle TV


Watch our educational content, quiz creation guides, and fun videos on Sporcle TV.

Show Comments

Extras

Top Quizzes Today


Score Distribution

Your Account Isn't Verified!

In order to create a playlist on Sporcle, you need to verify the email address you used during registration. Go to your Sporcle Settings to finish the process.

Report this User

Report this user for behavior that violates our Community Guidelines.

Details: